Cities of the UK - Statistics

General Stats
  • This quiz has been taken 19 times
  • The average score is 45 of 75
Answer Stats
England % Correct
Scotland Glasgow
100%
Northern Ireland Belfast
94%
England London
94%
Scotland Aberdeen
88%
England Brighton & Hove
88%
Wales Cardiff
88%
Scotland Edinburgh
88%
England Manchester
82%
England Newcastle-upon-Tyne
82%
England Southampton
82%
Wales Swansea
82%
England Birmingham
76%
England Bristol
76%
England Derby
76%
England Leeds
76%
England Leicester
76%
England Liverpool
76%
Northern Ireland Londonderry
76%
England Norwich
76%
England Nottingham
76%
England Cambridge
71%
England Canterbury
71%
Scotland Dundee
71%
England Oxford
71%
England Plymouth
71%
England Portsmouth
71%
England Sheffield
71%
England Chester
65%
England Coventry
65%
Scotland Inverness
65%
England Kingston-upon-Hull
65%
England Sunderland
65%
England York
65%
England Carlisle
59%
England Doncaster
59%
England Gloucester
59%
Wales Newport
59%
Scotland Stirling
59%
England Truro
59%
England Winchester
59%
Northern Ireland Bangor
53%
Wales Bangor
53%
England Bath
53%
England Bradford
53%
England Colchester
53%
England Durham
53%
England Exeter
53%
Scotland Perth
53%
England Peterborough
53%
England Preston
53%
Wales St Davids
53%
England Stoke on Trent
53%
England Westminster
53%
England Wolverhampton
53%
Northern Ireland Armagh
47%
England Chichester
47%
England Lancaster
47%
England Lincoln
47%
England Salisbury
47%
England St Albans
47%
England Worcester
47%
England Chelmsford
41%
Scotland Dunfermline
41%
England Hereford
41%
England Ripon
41%
Wales St Asaph
41%
England Wells
41%
England Ely
35%
England Milton Keynes
35%
England Wakefield
35%
England Lichfield
29%
England Salford
29%
England Southend-on-Sea
29%
Northern Ireland Lisburn
24%
Northern Ireland Newry
24%
No matching quizzes found
Score Distribution
Percent of People with Each Score
Percentile by Number Answered
Your Score History
You have not taken this quiz